Normal view
MARC view
- Min Allah, Sammar
Entry Personal Name
001 - CONTROL NUMBER
- control field: 16392
003 - CONTROL NUMBER IDENTIFIER
- control field: NUST
005 - DATE AND TIME OF LATEST TRANSACTION
- control field: 20190702102037.0
008 - FIXED-LENGTH DATA ELEMENTS
- fixed length control field: 190702|| aca||aabn | a|a d
040 ## - CATALOGING SOURCE
- Original cataloging agency: NUST
- Transcribing agency: NUST
100 ## - HEADING--PERSONAL NAME
- Personal name: Min Allah, Sammar
670 ## - SOURCE DATA FOUND
- Source citation: Work cat.: (NUST): Min Allah, Sammar, Synthesis and Characterization of Graphitic Carbon Based Adsorbent Photocatalyst (APH) for Enhanced Removal of Tetracycline form Water, 2018.
